000 00405nam a2200133Ia 4500
005 20260328101513.0
008 260328s9999||||xx |||||||||||||| ||und||
100 _aCorradine Angulo, Alberto
245 0 _aHistoria del Capitolio Nacional de Colombia /
_cAlberto Corradine Angulo
260 _bInstituto Colombiano de Cultura Hispánica
300 _a142 p.
650 _aARQUITECTURA REGIONAL
942 _cBK
999 _c9269
_d9269